5SOS Song Lyrics - Statistics

General Stats
  • This quiz has been taken 430 times
  • The average score is 10 of 15
Answer Stats
Hint Answer % Correct
I bought my fake ID for you 18
90%
Michael wants another slice Pizza
88%
You said you liked my Cobain shirt End up Here
82%
I can feel you watching, even when you're nowhere to be seen Voodoo Doll
78%
Don't wanna be a victim of authority Social Casualty
77%
She's got a rose tattoo Try Hard
76%
Kickin' back in the old schoolyard Long Way Home
72%
Are we wasting time, talking on a broken line Close as Strangers
68%
Its been two years now, haven't even seen the best of me Out Of My Limit
65%
He always makes you pay Just Saying
62%
That minivan that you drive Mrs All American
57%
But it ended like a bad dream Heartache on the Big Screen
50%
I'm over this, I'm over you Independence Day
49%
Hey, we're taking on the world Unpredictable
47%
I've got the worst intentions Greenlight
39%
No matching quizzes found
Score Distribution
Percent of People with Each Score
Percentile by Number Answered
Your Score History
You have not taken this quiz